BIBLIOTECA PODER JUDICIAL
Portal Judicial TDF

La inspección del trabajo en la era digital : (Registro nro. 6041)

000 -LEADER
fixed length control field 01218nab a22002657a 4500
003 - CONTROL NUMBER IDENTIFIER
control field OSt
005 - DATE AND TIME OF LATEST TRANSACTION
control field 20260118205237.0
008 - FIXED-LENGTH DATA ELEMENTS--GENERAL INFORMATION
fixed length control field 190605e xxu||||| |||| 00| 0 spa d
040 ## - CATALOGING SOURCE
Transcribing agency PJ
100 ## - MAIN ENTRY--PERSONAL NAME
9 (RLIN) 6797
Personal name Anzarut, Gustavo
245 13 - TITLE STATEMENT
Title La inspección del trabajo en la era digital :
Remainder of title el dilema de evitar la precariedad de la protección laboral sin entorpecer el avance de las nuevas modalidades de trabajo /
Statement of responsibility, etc Gustavo Anzarut.
260 ## - PUBLICATION, DISTRIBUTION, ETC. (IMPRINT)
Place of publication, distribution, etc Ciudad Autónoma de Buenos Aires :
Name of publisher, distributor, etc Thomson Reuters La Ley,
Date of publication, distribution, etc 2025.
300 ## - PHYSICAL DESCRIPTION
Extent p. 78-82
500 ## - GENERAL NOTE
General note Cita: TR LALEY AR/DOC/2677/2025.<br/><br/>
505 ## - FORMATTED CONTENTS NOTE
Title ¿Te interesa el texto completo? Solicitalo al correo: koha@justierradelfuego.gov.ar
650 #0 - SUBJECT ADDED ENTRY--TOPICAL TERM
9 (RLIN) 1316
Topical term or geographic name as entry element DERECHO LABORAL
650 #0 - SUBJECT ADDED ENTRY--TOPICAL TERM
9 (RLIN) 1570
Topical term or geographic name as entry element DERECHOS DEL TRABAJADOR
650 #0 - SUBJECT ADDED ENTRY--TOPICAL TERM
9 (RLIN) 6375
Topical term or geographic name as entry element HIGIENE Y SEGURIDAD EN EL TRABAJO
650 #0 - SUBJECT ADDED ENTRY--TOPICAL TERM
9 (RLIN) 1383
Topical term or geographic name as entry element LEY DE CONTRATO DE TRABAJO
650 #0 - SUBJECT ADDED ENTRY--TOPICAL TERM
9 (RLIN) 5718
Topical term or geographic name as entry element LEY DE PROTECCION DE LOS DATOS PERSONALES
650 #0 - SUBJECT ADDED ENTRY--TOPICAL TERM
9 (RLIN) 5529
Topical term or geographic name as entry element ACCESO A LA INFORMACIÓN PÚBLICA
650 #0 - SUBJECT ADDED ENTRY--TOPICAL TERM
9 (RLIN) 289
Topical term or geographic name as entry element TECNOLOGIA DE LA INFORMACION
773 0# - HOST ITEM ENTRY
Host Biblionumber 2711
Host Itemnumber 3168
Place, publisher, and date of publication Ciudad Autónoma de Buenos Aires : Thomson Reuters La Ley, 1999-2002.
Title Revista de derecho del trabajo. Nº 6 - Noviembre 2025
942 ## - ADDED ENTRY ELEMENTS (KOHA)
Source of classification or shelving scheme
Koha item type Analítica Artículo de Revista

No hay ítems disponibles.

12 de Octubre 789 Ushuaia - Tel:  54(02901)441571
Horario de Atención: 8.00 a 17.00 hs. 
bibliotecaush@justierradelfuego.gov.ar
koha@justierradelfuego.gov.ar
Seguinos en nuestras redes @bibliojustdf 

Con tecnología Koha